Ako podnikať
Z obsahu: Popredajné služby kompenzujú klesajúce marže klasických produktov. Efektívny predajca - chcem sa poradiť. Ako správne podať daňové priznanie. Daňové priznania 2005 (fyzické osoby). Kto podáva daňové priznanie. Ako správne vyplniť formulár. Dokedy možno podať opravu daňového priznania.
Saved in:
| Format: | Book Chapter |
|---|---|
| Language: | Slovak |
| Subjects: | |
| Tags: |
No Tags, Be the first to tag this record!
|
MARC
| LEADER | 00000naa$a2200000$$$4500 | ||
|---|---|---|---|
| 001 | 0039351 | ||
| 005 | 20231009082816.7 | ||
| 041 | 0 | |a slo | |
| 044 | |a SK | ||
| 245 | 1 | 0 | |a Ako podnikať |
| 520 | |a Z obsahu: Popredajné služby kompenzujú klesajúce marže klasických produktov. Efektívny predajca - chcem sa poradiť. Ako správne podať daňové priznanie. Daňové priznania 2005 (fyzické osoby). Kto podáva daňové priznanie. Ako správne vyplniť formulár. Dokedy možno podať opravu daňového priznania. | ||
| 610 | 2 | 0 | |a podnikanie |
| 610 | 2 | 0 | |a služby |
| 610 | 2 | 0 | |a predaj |
| 610 | 2 | 0 | |a priznania daňové |
| 610 | 2 | 0 | |a osoby fyzické |
| 610 | 2 | 0 | |a formuláre |
| 610 | 2 | 0 | |a opravy |
| 610 | 2 | 0 | |a 2005 |